Мізоцький ключ Дуніних-Карвицьких (кінець XVIII – перша половина XIX ст.) (Запис № 576045)

МАРК-запис
000 -Лідер
fixed length control field 00815naa a2200205 4500
001 - Контрольний номер
control field 2162214035924781
003 - Ідентифікатор контрольного номера
control field UA-OsUOA
005 - Дата та час останнього входження (трансакції)
control field 20240325161352.0
008 - Елементи даних фіксованої довжини – загальна інформація
fixed length control field 240325b un ||||| |||| 00| 0 ukr d
040 ## - Джерело каталогізації
Агенція оригінальної каталогізації UA-OsUOA
Мова каталогізації ukr
Агенція, яка здійснювала перезапис UA-OsUOA
Агенція, яка здійснювала модифікацію UA-OsUOA
041 ## - Код мови
Код мови тексту/ звукової доріжки чи окремого заголовка (П) ukr
080 ## - Індекс Універсальної десяткової класифікації
Індекс Універсальної десяткової класифікації (УДК) (НП) 908
090 ## - Локальний шифр розміщення
Класифікаційний індекс УДК 908
100 ## - Основне введення – ім’я особи
Ім’я особи (НП) Карліна О.
9 (RLIN) 2218
245 ## - Відомості про назву
Назва (НП) Мізоцький ключ Дуніних-Карвицьких (кінець XVIII – перша половина XIX ст.)
Дані про відповідальність (НП) Оксана Карліна
300 ## - Фізичний опис
Обсяг С. 139–155
650 ## - Додаткове предметне введення – тематичний термін
Джерело заголовка чи терміна UDC
773 0# - Введення хост-одиниці (П)
Бібліонома 576002
Host Itemnumber 471927
Заголовок основного введення Національна академія наук України
Місце, видавець та дата видання (НП) Рівне Коло 2019
Інший ідентифікатор одиниці опису 167080
Назва (НП) Дермань і Мізоч в історії та культурі Волині
Міжнародний стандартний книжковий номер (ISBN) 9789660290570
942 ## - Додаткові елементи входу (Коха)
Source of classification or shelving scheme Universal Decimal Classification
Тип елемента Koha Складова частина документа

Немає доступних примірників.